000 00297nam a22001337a 4500
008 190225b xxu||||| |||| 00| 0 eng d
020 _a9780805838183
041 _aeng
080 _a371
100 _a25
101 _aEDU
245 _aLinguistics for L2 Teachers
_cAndrews, L
942 _2udc
_cBK
999 _c54205
_d54205